[Event "EU-ch U14 Girls 26th"]
[Site "Prague"]
[Date "2016.08.19"]
[Round "2"]
[White "Vinokur, Yuliya"]
[Black "Rinaudo, Giada"]
[Result "1-0"]
[WhiteElo "1976"]
[BlackElo "1754"]
[PlyCount "51"]
[EventDate "2016.08.18"]
[EventType "swiss"]
[EventRounds "9"]
[EventCountry "CZE"]
[SourceTitle "CBM 174 Extra"]
[Source "ChessBase"]
[SourceDate "2016.10.10"]
[SourceVersion "1"]
[SourceVersionDate "2016.10.10"]
[SourceQuality "1"]

1. d4 g6 2. Nf3 Bg7 3. Bf4 d6 4. e3 Nd7 5. h3 e5 6. Bh2 Ne7 7. Be2 0-0 8. 0-0 h6 9. c4 e4 10. Nfd2 f5 11. Nc3 Nf6 12. b4 c6 13. Qc2 d5 14. b5 Be6 15. c5 g5 16. Qa4 Ne8 17. bxc6 bxc6 18. Rfb1 f4 19. Rb7 a5 20. Rab1 Nc7 21. Qb3 Nc8 22. Na4 Na7 23. Nb6 a4 24. Qxa4 Nab5 25. Nxa8 Nc3 26. Qxc6 1-0

[Event "Olbia CIG U16 24th"]
[Site "Olbia"]
[Date "2016.07.02"]
[Round "9"]
[White "Rinaudo, Giada"]
[Black "Grimaldi, Angela Flavia"]
[Result "1-0"]
[WhiteElo "1572"]
[BlackElo "1655"]
[PlyCount "91"]
[EventDate "2016.06.26"]
[EventType "swiss"]
[EventRounds "9"]
[EventCountry "ITA"]
[SourceTitle "EXT 2024"]
[Source "ChessBase"]
[SourceDate "2023.10.10"]
[SourceVersion "1"]
[SourceVersionDate "2023.10.10"]
[SourceQuality "1"]

1. Nf3 d5 2. g3 Nf6 3. Bg2 c5 4. 0-0 e6 5. d3 Be7 6. Nbd2 0-0 7. e4 Nc6 8. Re1 Qc7 9. c3 b6 10. Nf1 d4 11. c4 e5 12. Nh4 Re8 13. Nf5 Bf8 14. h3 Ne7 15. g4 Nxf5 16. exf5 Bb7 17. f3 Nd7 18. g5 Kh8 19. h4 f6 20. Kf2 Rad8 21. Bh3 Bd6 22. Bd2 Rf8 23. Qc1 Rde8 24. Bg4 Nb8 25. h5 fxg5 26. Bxg5 Qc6 27. Ng3 Nd7 28. Ne4 Nf6 29. Bxf6 gxf6 30. h6 Bc7 31. Bh5 Re7 32. Rg1 Qd7 33. Ng3 Rg8 34. Bg4 Qd6 35. Ne4 Bxe4 36. fxe4 Qd8 37. Bh5 Rxg1 38. Qxg1 Qg8 39. Bg6 Rd7 40. Qg4 Qf8 41. Rh1 Rd8 42. Qh5 Qe7 43. Bf7 Rf8 44. Be6 Qe8 45. Qg4 Qe7 46. Rg1 1-0

[Event "Wch U12 Girls"]
[Site "Porto Carras"]
[Date "2015.10.26"]
[Round "2"]
[White "Yip, Carissa"]
[Black "Rinaudo, Giada"]
[Result "1-0"]
[WhiteElo "2007"]
[BlackElo "1639"]
[PlyCount "53"]
[EventDate "2015.10.25"]
[EventType "swiss"]
[EventRounds "11"]
[EventCountry "GRE"]
[SourceTitle "CBM 169 Extra"]
[Source "ChessBase"]
[SourceDate "2015.12.18"]
[SourceVersion "1"]
[SourceVersionDate "2015.12.18"]
[SourceQuality "1"]

1. e4 d6 2. d4 Nf6 3. Nc3 c6 4. Nf3 Nbd7 5. e5 dxe5 6. dxe5 Ng4 7. e6 fxe6 8. Ng5 Ngf6 9. Nxe6 Qa5 10. Bf4 Nd5 11. Qh5+ g6 12. Qg5 Qb4 13. Bd2 Qd6 14. Nxd5 Qxe6+ 15. Ne3 Bg7 16. Bc4 Qe4 17. 0-0 Bxb2 18. Rae1 Bf6 19. Qg3 Ne5 20. Nd5 Qxc4 21. Nc7+ Kf7 22. Nxa8 Qxc2 23. Bg5 Bf5 24. Rxe5 Bxe5 25. Qxe5 Rxa8 26. Qxe7+ Kg8 27. Bf6 1-0